| 000 | 00000nas##2200000za#4500 |
| 001 | 9.500729 |
| 003 | CaOODSP |
| 005 | 20200331211158 |
| 007 | cr ||||||||||| |
| 008 | 150406c2000||||xxc|| p o||||f| |0eng|d |
| 022 | |a1493-6410 |
| 040 | |aCaOODSP|beng |
| 041 | |aeng |
| 041 | |afre |
| 043 | |an-cn--- |
| 086 | 1 |aT48-21-PDF |
| 110 | 1 |aCanada.|bTransport Canada. |bTransportation Development Centre. |
| 245 | 10|aTransportation Development Centre - publications |h[electronic resource] |
| 246 | 1 |iVariant title : |aTDC publications |
| 260 | |aMontreal - Quebec : |bTransport Canada. |
| 310 | |aAnnual |
| 362 | 1 |a[2000]- |
| 500 | |aDescription based on: 2000. |
| 504 | |aBibliography. |
| 546 | |aBilingual |
| 690 | 07|aResearch and development|2gcpds |
| 690 | 07|aTransport|2gcpds |
| 792 | |tCentre de développement des transports - publications |efre|w(CaOODSP)9.500730 |